[Event "EU-chT (Men)"]
[Site "Debrecen"]
[Date "1992.??.??"]
[Round "5"]
[White "Herndl, Harald"]
[Black "Kiik, Kalle"]
[Result "1-0"]
[WhiteElo "2275"]
[BlackElo "2395"]

1.d4 Nf6 2.c4 e6 3.Nf3 Bb4+ 4.Bd2 Qe7 5.g3 Nc6 6.Bg2 Bxd2+ 7.Nbxd2 O-O 8.O-O d6
9.e4 e5 10.d5 Nb8 11.b4 a5 12.a3 Na6 13.Qb3 c6 14.dxc6 bxc6 15.Rfb1 Rb8 16.Qc3 axb4
17.axb4 Re8 18.Ne1 h5 19.Nd3 c5 20.b5 Nc7 21.Ra7 Rb7 22.Rxb7 Bxb7 23.f3 Ne6
24.Nb3 h4 25.g4 Nd4 26.Nxd4 cxd4 27.Qc1 Rc8 28.Bf1 d5 29.exd5 Bxd5 30.Qg5 Bxf3
31.Nxe5 Be4 32.Bd3 Rc5 33.Bxe4 Rxe5 34.Bf5 h3 35.Qh4 g6 36.Bd3 Re3 37.Bf1 Qe4
38.Rb2 Nxg4 39.b6 Re1 40.Qxh3 Ne5 41.b7 Nf3+ 42.Qxf3 Qxf3 43.b8=Q+ Kg7 44.Rf2 Qg4+
45.Qg3 Qe6 46.Rf4 Rd1 47.Qf3 Rd2 48.Re4 Qd6 49.Qf4 Qxf4 50.Rxf4 f5 51.Rf3 Rc2
52.Rf2  1-0

[Event "EU-chT (Men)"]
[Site "Debrecen"]
[Date "1992.??.??"]
[Round "7"]
[White "Lalic, Bogdan"]
[Black "Kveinys, Aloyzas"]
[Result "1/2-1/2"]
[WhiteElo "2515"]
[BlackElo "2485"]

1.d4 Nf6 2.c4 e6 3.Nf3 Bb4+ 4.Bd2 a5 5.g3 d6 6.Bg2 Nbd7 7.O-O e5 8.e3 Bxd2
9.Qxd2 O-O 10.Nc3 Re8 11.Rac1 h6 12.e4 exd4 13.Nxd4 Nc5 14.Rfe1 Bd7 15.b3  1/2-1/2

[Event "DEN-chB"]
[Site "?"]
[Date "1992.??.??"]
[Round "1"]
[White "Nielsen, Uffe V"]
[Black "Hansen, Carsten"]
[Result "1/2-1/2"]
[WhiteElo "2335"]
[BlackElo "2290"]

1.d4 Nf6 2.Nf3 e6 3.c4 Bb4+ 4.Bd2 Qe7 5.Nc3 d5 6.e3 Nc6 7.a3 Bxc3 8.Bxc3 Ne4
9.Qc2 a5 10.Bd3 f5 11.O-O O-O 12.Nd2 Kh8 13.f3 Nxd2 14.Qxd2 Bd7 15.b4 axb4
16.axb4 dxc4 17.b5 cxd3 18.bxc6 Bxc6 19.Bb4 Qd7 20.Bxf8 Rxf8 21.Qxd3 Rd8
22.Rfd1 Qd5 23.Rac1 Kg8 24.Rc5 Qd6 25.Qc2 Ra8 26.Qc3 Ra2 27.Ra5 Re2 28.Rxf5 Rxg2+
29.Kxg2 exf5 30.Qe1 Qg6+ 31.Kf2 Qh5 32.Qh1 Qh4+ 33.Kg1 Qg5+ 34.Kf2 Qh4+ 35.Kg1 Qg5+  1/2-1/2

[Event "Dubai Asian Cities"]
[Site "Dubai"]
[Date "1992.??.??"]
[Round "3"]
[White "Adianto, Utut"]
[Black "Antonio, Rogelio Jr"]
[Result "1/2-1/2"]
[WhiteElo "2475"]
[BlackElo "2520"]

1.d4 Nf6 2.c4 e6 3.Nf3 Bb4+ 4.Bd2 Qe7 5.g3 Nc6 6.Nc3 O-O 7.Bg2 Bxc3 8.Bxc3 Ne4
9.Rc1 d6 10.d5 Nxc3 11.Rxc3 Nb8 12.dxe6 fxe6 13.O-O Kh8 14.Qd2 Nc6 15.Nd4 Bd7
16.Rb3 e5 17.Nxc6 Bxc6 18.Bd5 Qd7 19.Qe3 a5 20.Rd3 a4 21.Rc1 Ra5 22.Qe4 Rc5
23.Rcc3 g6 24.Bxc6 Qxc6 25.Qh4 e4 26.Rd5 a3 27.Qe7 Re8 28.Qf6+ Kg8 29.Rxc5 axb2
30.Rxc6 b1=Q+ 31.Kg2 bxc6 32.Rb3 Qe1 33.Re3 Qa5 34.a3 Qc5 35.Qc3 Re5 36.Qb4 Qxb4
37.axb4 Kf7 38.f4 Re8 39.Kf2 Rb8 40.Rxe4 Rxb4 41.Kf3 c5 42.g4 Kf6 43.Re8 Rxc4
44.g5+ Kf7 45.Rc8 Rc3+ 46.e3 d5 47.Rxc7+ Ke6 48.Ke2 d4  1/2-1/2

[Event "Espoo op"]
[Site "Espoo"]
[Date "1992.??.??"]
[Round "?"]
[White "Linnanen, Lassi"]
[Black "Rytshagov, Mikhail"]
[Result "0-1"]
[WhiteElo "2295"]
[BlackElo "2420"]

1.d4 Nf6 2.c4 e6 3.Nf3 Bb4+ 4.Bd2 Qe7 5.a3 Bxd2+ 6.Nbxd2 d6 7.e3 e5 8.dxe5 dxe5
9.Qc2 O-O 10.Be2 Nbd7 11.O-O a5 12.Rfd1 a4 13.Ne4 Nxe4 14.Qxe4 Re8 15.Rac1 g6
16.c5 Nxc5 17.Qb4 b6 18.Bb5 Rf8 19.Bc6 Ra7 20.Rd5 Qf6 21.Rdxc5 bxc5 22.Qxc5 Ra6
23.Nxe5 Rb6 24.Bd7 Rxb2 25.Ng4 Qg7 26.Bxc8 Rxc8 27.Qc6 Rcb8 28.Nf6+ Kh8 29.Nd7 Rb1
30.Nxb8 Qa1 31.Qe8+ Kg7 32.Qe5+ Qxe5 33.Rxb1 Qd6 34.g3 c5 35.f4 c4 36.Kf2 c3
37.Rc1 Qd2+  0-1

[Event "FIN-chT"]
[Site "FIN"]
[Date "1992.??.??"]
[Round "?"]
[White "Rantanen, Yrjo A"]
[Black "Nokso Koivisto, Antti"]
[Result "1/2-1/2"]
[WhiteElo "2410"]
[BlackElo "2330"]

1.d4 Nf6 2.c4 e6 3.Nf3 Bb4+ 4.Bd2 Bxd2+ 5.Qxd2 d5 6.Nc3 O-O 7.e3 Qe7 8.Rc1 Rd8
9.a3 dxc4 10.Bxc4 c5 11.O-O Nc6 12.Rfd1 b6 13.Qe2 cxd4 14.exd4 Bb7 15.Ba2 Rac8
16.h3 h6 17.Qe3 Ba8 18.Ne5 Re8 19.Nxc6 Bxc6 20.d5 exd5  1/2-1/2

[Event "Forli op"]
[Site "Forli"]
[Date "1992.??.??"]
[Round "2"]
[White "Cvitan, Ognjen"]
[Black "Mednis, Edmar John"]
[Result "1-0"]
[WhiteElo "2550"]
[BlackElo "2460"]

1.d4 Nf6 2.c4 e6 3.Nf3 Bb4+ 4.Bd2 Qe7 5.g3 Nc6 6.Nc3 Bxc3 7.Bxc3 Ne4 8.Rc1 d6
9.Bg2 O-O 10.O-O Nxc3 11.Rxc3 e5 12.d5 Nb8 13.Qc2 a5 14.Nd2 Na6 15.Re3 f5
16.f4 e4 17.g4 Nc5 18.Nb3 Nxb3 19.Qxb3 b6 20.Qc3 Bd7 21.b3 Rae8 22.g5 Ra8
23.a3 Ra7 24.Qd4 Rfa8 25.Rc1 Be8 26.Rh3 Bg6 27.e3 Qe8 28.Qd1 Bf7 29.Bf1 c5
30.a4 Bg6 31.Rc2 Kf8 32.Rg2 Ke7 33.Be2 Kd8 34.Rgg3 Re7 35.Rh4 Kc7 36.Rgh3 Qf7
37.Bh5 Qg8 38.Bxg6 hxg6 39.Rh7 Rf8 40.R3h4 Qf7 41.Qf1 Rg8 42.Qh3 Ree8 43.Rh8 Qf8
44.Rxg8 Qxg8 45.Rh7 Kb8 46.Kf2 Rf8 47.Rh4 Re8 48.Kg2 Rf8 49.Qg3 Kc7 50.Qe1 Rb8
51.Rh3 Ra8 52.Qd1 Qf7 53.Kg1 Qg8 54.Rh4 Rf8 55.Rh3 Ra8 56.Qe1 Rf8 57.Qh4 Qf7
58.Qh7 Kd7 59.Rg3 Kc7 60.h4 Kd7 61.Rh3 Ke7 62.Kg2 Rd8 63.Kg3 Rf8 64.Rh1 Ke8
65.Kf2 Ke7 66.Ke2 Ke8 67.Kd2 Ke7 68.Kc1 Ke8 69.Kc2 Ke7 70.h5 gxh5 71.g6 Qf6
72.Qxh5 Kd7 73.Qg5 Qe7 74.Rh7 Rf6 75.Kd2 Ke8 76.Ke2 Kd7 77.Kf2 Ke8 78.Kg3 Kd7
79.Rh8 Kc7 80.Kf2 Kb7 81.Qh4 Ka7 82.Rg8  1-0

[Event "Forli op"]
[Site "Forli"]
[Date "1992.??.??"]
[Round "8"]
[White "Farago, Ivan"]
[Black "Mednis, Edmar John"]
[Result "1/2-1/2"]
[WhiteElo "2510"]
[BlackElo "2460"]

1.d4 Nf6 2.c4 e6 3.Nf3 Bb4+ 4.Bd2 Qe7 5.g3 Nc6 6.Nc3 Bxc3 7.Bxc3 Ne4 8.Rc1 d6
9.d5 Nxc3 10.Rxc3 Nb8 11.dxe6 fxe6 12.h4 Nd7 13.Bh3 Nf6 14.Ng5 e5 15.Bxc8 Rxc8
16.Qa4+ Qd7 17.Qxa7 O-O 18.Qe3 b6 19.O-O Qf5 20.Qf3 Qg6 21.Qc6 h6 22.Nf3 Rce8
23.Qxc7 Ne4 24.h5 Qg4 25.Nh2 Qxe2 26.Re3 Qc2 27.Qc6 Ng5 28.Nf3 Rc8 29.Qd5+ Nf7
30.b3 Qxa2 31.Nh4 Qa8 32.Qe6 Rce8 33.Qg6 Ng5 34.Nf5 Rxf5 35.Qxf5 Rf8 36.Qd7 Rf7
37.Qxd6 Nh3+ 38.Kh2 Nxf2 39.Qe6 Kf8 40.Qd6+ Kg8 41.Qe6 Kf8 42.Rxe5 Ng4+ 43.Qxg4 Rxf1
44.Rf5+ Rxf5 45.Qxf5+ Ke7 46.Qe5+ Kf7 47.Qc7+ Kg8 48.Qxb6 Qf3 49.Qb5 Qe2+
50.Kh3 Qe6+  1/2-1/2

[Event "Forli op"]
[Site "Forli"]
[Date "1992.??.??"]
[Round "8"]
[White "Cvitan, Ognjen"]
[Black "Nemet, Ivan"]
[Result "1/2-1/2"]
[WhiteElo "2550"]
[BlackElo "2400"]

1.d4 Nf6 2.c4 e6 3.Nf3 Bb4+ 4.Bd2 Qe7 5.g3 O-O 6.Bg2 a5 7.O-O Bxd2 8.Qxd2 d6
9.Nc3 e5 10.e4 Bg4 11.d5 Bxf3 12.Bxf3 Na6  1/2-1/2

[Event "FRA-chT"]
[Site "?"]
[Date "1992.??.??"]
[Round "?"]
[White "Chevallier, Didier"]
[Black "Luce, Sebastien"]
[Result "1/2-1/2"]
[WhiteElo "2305"]
[BlackElo "2400"]

1.Nf3 Nf6 2.d4 e6 3.c4 Bb4+ 4.Bd2 Qe7 5.g3 O-O 6.Bg2 Nc6 7.Nc3 Bxc3 8.Bxc3 Ne4
9.Rc1 f5 10.d5 Nd8 11.Nd2 Nxc3 12.Rxc3 e5 13.c5 Nf7 14.O-O d6 15.Qb3 b6 16.cxb6 cxb6
17.Rfc1 Bd7 18.Rc7 Rfc8 19.Qa3 Qd8 20.Rxc8 Bxc8 21.Qd3 g6 22.Rc3 a5 23.h4 Ba6
24.Qf3 b5 25.e4 b4 26.Rc6 f4 27.Bh3 Bb5 28.Rc2 Kg7 29.Be6 Ra7 30.Rc8 Qf6
31.Qg4 h5 32.Qh3 Nd8 33.Nf3 fxg3 34.Qxg3 Nxe6 35.dxe6 Qxe6 36.Rb8 Be2 37.Ng5 Qg4
38.Rd8 Qxg3+ 39.fxg3 Ra6 40.Rd7+ Kg8 41.Rd8+ Kg7 42.Rd7+ Kf8  1/2-1/2

[Event "FRA-chT"]
[Site "?"]
[Date "1992.??.??"]
[Round "?"]
[White "Bernard, Christophe"]
[Black "Kesmaecker, Philippe"]
[Result "0-1"]
[WhiteElo "2270"]
[BlackElo "2345"]

1.d4 Nf6 2.Nf3 e6 3.c4 Bb4+ 4.Bd2 a5 5.g3 b6 6.Bg2 Bb7 7.O-O O-O 8.Bf4 Qc8
9.c5 a4 10.a3 Ba5 11.Qxa4 Bd2 12.Qc2 Bxf4 13.gxf4 Be4 14.Qc1 Qb7 15.Nc3 Bc6
16.b4 b5 17.Qc2 Ne4 18.d5 Bxd5 19.Ng5 Nxg5 20.Nxd5 Nh3+ 21.Bxh3 exd5 22.Rfd1 Na6
23.Bxd7 c6 24.Bf5 g6 25.Bh3 f5 26.Rab1 Nc7 27.Rb3 Ne6 28.e3 Ng7 29.Bg2 Nh5
30.Rdd3 Nf6 31.Qb2 Kf7 32.Rd1 Ra4 33.Bf3 Rfa8 34.Rbd3 Re8 35.Ra1 Rea8 36.Bd1 R4a7
37.a4 bxa4 38.Rda3 Ne4 39.Rxa4 Rxa4 40.Rxa4 Rxa4 41.Bxa4 Nxc5 42.Bxc6 Qxc6
43.Qc1 Ke6 44.bxc5 Kd7 45.Qc3 Kc7 46.f3 Kb7 47.Kf2 Ka6 48.Qg7 Qb7 49.Qf8 Kb5
50.Kg3 Qc6 51.Kh4 Qxc5 52.Qxc5+ Kxc5 53.Kg5 Kc4 54.Kh6 Kd3  0-1

[Event "FRA-chT"]
[Site "?"]
[Date "1992.??.??"]
[Round "?"]
[White "Kallai, Gabor"]
[Black "Adams, Michael"]
[Result "1/2-1/2"]
[WhiteElo "2455"]
[BlackElo "2620"]

1.d4 Nf6 2.Nf3 e6 3.c4 Bb4+ 4.Bd2 a5 5.g3 d6 6.Bg2 Nbd7 7.O-O e5 8.e3 Bxd2
9.Qxd2 O-O 10.Nc3 Re8 11.Rad1 c6 12.Ng5 Qe7 13.dxe5 dxe5 14.Nge4 Nc5 15.Nd6 Rd8
16.Nxc8 Raxc8 17.Qc2 g6 18.a3 Ne6 19.Qa4 Ra8 20.Rxd8+ Qxd8 21.Rd1 Qf8 22.Qc2 h5
23.h4 Kg7 24.Bh3 Qe7 25.b4 axb4 26.axb4 Qxb4 27.Bxe6 fxe6 28.Ne4 Qe7 29.Ng5 Nh7
30.Qc3 Nxg5 31.Qxe5+ Kh6 32.hxg5+ Qxg5 33.Qxe6 Qg4  1/2-1/2

[Event "Troll Masters"]
[Site "Gausdal"]
[Date "1992.??.??"]
[Round "2"]
[White "Hebden, Mark"]
[Black "Pedersen, Steffen"]
[Result "0-1"]
[WhiteElo "2500"]
[BlackElo "2325"]

1.d4 Nf6 2.Nf3 e6 3.c4 Bb4+ 4.Bd2 c5 5.Bxb4 cxb4 6.g3 O-O 7.Bg2 d6 8.Nbd2 Nc6
9.O-O e5 10.d5 Nb8 11.Ne1 Na6 12.Nd3 Re8 13.e4 Bg4 14.f3 Bd7 15.a3 bxa3 16.Rxa3 Qb6+
17.Rf2 Nc5 18.Nxc5 Qxc5 19.Bf1 a5 20.Nb3 Qb6 21.c5 dxc5 22.Qc2 Rec8 23.Qc3 a4
24.Nd2 Qc7 25.d6 Qxd6 26.Nc4 Qc7 27.Qxe5 b5 28.Qxc7 Rxc7 29.e5 Ne8 30.Nb6 Rb8
31.Nd5 Ra7 32.Rc3 c4 33.Rd2 Kf8 34.Nb4 Rb6 35.f4 Be6 36.Bg2 Rd7 37.Rcc2 Nc7
38.Bc6 Rxd2 39.Rxd2 Ke7 40.Be4 Bd7 41.f5 f6 42.e6 Be8 43.Kf2 Rd6 44.Ke3 Rxd2
45.Kxd2 Kd6 46.g4 g6 47.h3 gxf5 48.gxf5 h6 49.h4 Bh5 50.Nc6 Na6 51.Nd8 Nc5
52.Nb7+ Nxb7 53.Bxb7 Be8 54.Ke3 c3  0-1

[Event "Arnold Cup"]
[Site "Gausdal"]
[Date "1992.??.??"]
[Round "3"]
[White "Adianto, Utut"]
[Black "Lawson, David"]
[Result "1/2-1/2"]
[WhiteElo "2475"]
[BlackElo "2255"]

1.d4 Nf6 2.Nf3 e6 3.c4 Bb4+ 4.Bd2 Qe7 5.g3 Nc6 6.Nc3 Bxc3 7.Bxc3 Ne4 8.Rc1 O-O
9.Bg2 d6 10.d5 Nxc3 11.Rxc3 Nb8 12.O-O e5 13.e4 a5 14.Nd2 Nd7 15.Re3 Nc5
16.f4 f6 17.b3 Bd7 18.Qe2 Rfb8 19.a4 c6 20.f5 Be8 21.dxc6 bxc6 22.g4 Bf7
23.h4 Na6 24.Rg3 Kh8 25.g5 Bg8 26.Kh2 Nb4 27.Nf3 Ra7 28.h5 fxg5 29.Nxg5 Rf8
30.h6 gxh6 31.Nh3 Qf6 32.Qd2 Rg7 33.Rxg7 Kxg7 34.Nf2 h5 35.Nh3 Kh8 36.Ng5 h6
37.Nf3 Kh7 38.Rd1 d5 39.cxd5 cxd5 40.Qc3 dxe4 41.Nxe5 Nd3 42.Qc7+ Rf7 43.Nxf7 Qh4+
44.Kg1 Qf2+ 45.Kh2 Qh4+  1/2-1/2

[Event "Arnold Cup"]
[Site "Gausdal"]
[Date "1992.??.??"]
[Round "7"]
[White "Wegner, Hannu"]
[Black "Pedersen, Steffen"]
[Result "1/2-1/2"]
[WhiteElo "2365"]
[BlackElo "2360"]

1.d4 Nf6 2.c4 e6 3.Nf3 Bb4+ 4.Bd2 c5 5.a3 Bxd2+ 6.Qxd2 cxd4 7.Nxd4 O-O 8.Nc3 d5
9.cxd5 Nxd5 10.Nf3 Nxc3  1/2-1/2

[Event "Gausdal Int"]
[Site "Gausdal"]
[Date "1992.??.??"]
[Round "9"]
[White "Van Wely, Loek"]
[Black "Kourkounakis, Ilias"]
[Result "0-1"]
[WhiteElo "2525"]
[BlackElo "2400"]

1.d4 Nf6 2.c4 e6 3.Nf3 Bb4+ 4.Bd2 Be7 5.Nc3 d5 6.Bg5 O-O 7.e3 b6 8.cxd5 exd5
9.Be2 Be6 10.O-O h6 11.Bxf6 Bxf6 12.b4 c6 13.Rc1 Qd6 14.Qb3 a6 15.Rfd1 Nd7
16.a4 b5 17.a5 Be7 18.Na2 Rac8 19.Ne1 Bf5 20.Bd3 Bg4 21.Rd2 Nf6 22.Bb1 Qd8
23.Nd3 Bd6 24.Nc5 Bxc5 25.Rxc5 Qe7 26.Nc1 Rfd8 27.h3 Bd7 28.Rb2 Ne8 29.Qd1 Nd6
30.Rc3 Nc4 31.Rbb3 Rf8 32.Nd3 Rce8 33.Nc5 Bc8 34.e4 dxe4 35.Bxe4 Rd8 36.Rd3 Rd6
37.d5 f5 38.Bf3 Ne5 39.dxc6 Nxd3 40.Rxd3 Rxd3 41.Nxd3 Rd8 42.Qc2 Rd4 43.Qc3 Qd6
44.Nc5 Kh7 45.g3 Rc4 46.Qe1 Qd4 47.c7 Rxb4 48.Qe7 Rb1+ 49.Kg2 Qc4 50.g4 Rc1
51.Nd7 Bxd7 52.Qxd7 Qf1+ 53.Kg3 Qg1+ 54.Bg2 Rc3+ 55.f3 Qe1+ 56.Kf4 Rc4+ 57.Kxf5 Rc5+  0-1

[Event "NRW-Liga II 9192"]
[Site "Germany"]
[Date "1992.??.??"]
[Round "?"]
[White "Schroeder, Wilfried"]
[Black "Groenegress, Wilfried"]
[Result "1/2-1/2"]
[WhiteElo "2255"]
[BlackElo "2205"]

1.d4 Nf6 2.Nf3 e6 3.c4 Bb4+ 4.Bd2 Qe7 5.g3 Nc6 6.Bg2 Bxd2+ 7.Nbxd2 d6 8.O-O a5
9.e4 O-O 10.b3 e5 11.d5 Nb8 12.a3 Bg4 13.b4 Nbd7 14.Qc2 Bxf3 15.Bxf3 Ra7
16.Nb3 axb4 17.axb4 Rfa8 18.Rxa7 Rxa7 19.Ra1 Rxa1+ 20.Nxa1 Qf8 21.Qa2 Nb6
22.Nc2 Qa8 23.Qxa8+ Nxa8 24.Na3 Kf8 25.Kf1 Ke7 26.Ke2 Nb6 27.Kd3 Nbd7 28.Nb5 Kd8
29.Bd1 Nb8 30.f3 Na6 31.Kc3 Nd7 32.Ba4 Nb6 33.Kb3 Kc8 34.Nc3 Nxa4 35.Kxa4 b6
36.Kb5 Nb8 37.c5 bxc5 38.bxc5 dxc5 39.Kxc5 Kd7 40.f4 exf4 41.gxf4 Na6+  1/2-1/2

[Event "NRW-Liga II 9192"]
[Site "Germany"]
[Date "1992.??.??"]
[Round "?"]
[White "Dinstuhl, Volkmar"]
[Black "Schoenthier, Frank"]
[Result "1-0"]
[WhiteElo "2320"]
[BlackElo "2355"]

1.d4 Nf6 2.c4 e6 3.Nf3 Bb4+ 4.Bd2 c5 5.Bxb4 cxb4 6.g3 b6 7.Bg2 Bb7 8.O-O O-O
9.Qb3 Bxf3 10.Bxf3 Nc6 11.e3 Qe7 12.a3 a5 13.Rc1 a4 14.Qd1 Ra5 15.Qd2 bxa3
16.Rxa3 Rfa8 17.b4 axb3 18.Rxb3 Qd8 19.Nc3 Ra1 20.Rxa1 Rxa1+ 21.Kg2 Na5 22.Rb4 Nc6
23.Ra4 Rxa4 24.Nxa4 d5 25.Qb2 Na5 26.cxd5 exd5 27.Qb5  1-0

[Event "BL2-W9192"]
[Site "Germany"]
[Date "1992.??.??"]
[Round "?"]
[White "Hoffmann, Michael"]
[Black "Libeau, Rene"]
[Result "0-1"]
[WhiteElo "2455"]
[BlackElo "2390"]

1.d4 Nf6 2.c4 e6 3.Nf3 Bb4+ 4.Bd2 Qe7 5.g3 Nc6 6.Bg2 Bxd2+ 7.Nbxd2 d6 8.O-O e5
9.d5 Nb8 10.e4 O-O 11.Ne1 a5 12.Nd3 Na6 13.Qc2 Bd7 14.b3 c6 15.Qc3 cxd5 16.exd5 Bf5
17.Rae1 Rfe8 18.Ne4 Bxe4 19.Bxe4 Qc7 20.Bg2 b5 21.Nxe5 b4 22.Qa1 dxe5 23.d6 Qxd6
24.Bxa8 Rxa8 25.Rxe5 Rd8 26.Rxa5 Nc5 27.Re1 Nfe4 28.Re3 h5 29.Qe1 Qd4 30.Kg2 Nd3
31.Qe2 Nf6 32.h3 h4 33.Kh2 hxg3+ 34.fxg3 Nc1 35.Qe1 Qb2+ 36.Kg1 Qc2  0-1

[Event "BL2-S9192"]
[Site "Germany"]
[Date "1992.??.??"]
[Round "?"]
[White "Mandel, Andreas"]
[Black "Bosbach, Gerhard"]
[Result "1-0"]
[WhiteElo "2375"]
[BlackElo "2260"]

1.d4 Nf6 2.Nf3 e6 3.c4 Bb4+ 4.Bd2 Bxd2+ 5.Qxd2 d6 6.Nc3 Nc6 7.g3 O-O 8.Bg2 Re8
9.O-O a5 10.e4 e5 11.h3 Bd7 12.Rfe1 Qc8 13.Nd5 Nxd5 14.cxd5 Nxd4 15.Nxd4 exd4
16.Kh2 c5 17.dxc6 Bxc6 18.Qxd4 Qe6 19.a3 Qe5 20.Qd2 a4 21.Rad1 h6 22.Re3 Ra6
23.Qb4 Re6 24.f4 Qc5 25.Qxc5 dxc5 26.h4 Ra8 27.e5 Bxg2 28.Kxg2 Kf8 29.Rd7 Re7
30.Rd6 Re6 31.Rd7 Re7 32.Rd5 Rc8 33.Kf3 b5 34.f5 Rb7 35.Rc3 c4 36.Rc2 b4
37.axb4 Rxb4 38.Rd4 Rb3+ 39.Kf4 c3 40.Rxc3 Rcxc3 41.bxc3 a3 42.Rc4 a2 43.Ra4 Rb2
44.c4 Ke7 45.Ke4 Rd2 46.Ra7+ Kd8 47.e6 f6 48.c5 h5 49.c6 Ke8 50.c7 Rc2 51.Rxa2 Rxc7
52.Ra8+ Ke7 53.Rg8 Rc4+ 54.Kf3 Rg4 55.Rh8 g6 56.Rh7+ Ke8 57.fxg6 Rxg6 58.Kf4 Rg4+
59.Kf5 Rxg3 60.Kxf6 Rf3+ 61.Kg5 Re3 62.Kf5 Rf3+ 63.Ke5 Re3+ 64.Kf5 Rf3+ 65.Ke4 Rf1
66.Rxh5 Ke7 67.Rh6 Re1+ 68.Kf5 Rf1+ 69.Ke5 Re1+ 70.Kf5 Rf1+ 71.Kg5 Rg1+ 72.Kh5 Re1
73.Rg6 Rh1 74.Kg5 Rh2 75.h5 Rh1 76.Kh6 Rh2 77.Rg5 Kxe6 78.Kg7  1-0

[Event "BL2-S9192"]
[Site "Germany"]
[Date "1992.??.??"]
[Round "?"]
[White "Mandel, Andreas"]
[Black "Becker, Marc"]
[Result "0-1"]
[WhiteElo "2375"]
[BlackElo "2330"]

1.d4 Nf6 2.Nf3 e6 3.c4 Bb4+ 4.Bd2 Qe7 5.g3 Nc6 6.Nc3 Bxc3 7.Bxc3 Ne4 8.Rc1 d6
9.d5 Nxc3 10.Rxc3 Nb8 11.dxe6 fxe6 12.Bg2 O-O 13.O-O Nd7 14.Qc2 e5 15.b4 Nf6
16.Nd2 c6 17.Ne4 Ne8 18.Qd2 Bf5 19.b5 Rd8 20.bxc6 bxc6 21.Rb3 d5 22.cxd5 cxd5
23.Nc3 d4 24.Ne4 Nd6 25.Qb4 Rfe8 26.Nc5 h6 27.Bc6 Rb8 28.Qa3 Rf8 29.Ne4 Rxb3
30.Qxb3+ Kh8 31.Qa3 Nc8 32.Qa5 Nb6 33.Nd2 e4 34.e3 Bh3 35.Rc1 dxe3 36.Nxe4 Qxe4
37.f3 Qd4 38.Qc5 Qxc5 39.Rxc5 Rc8 40.f4 e2 41.Kf2 Bf1 42.Ke1 Nd7  0-1

[Event "BL2-N9192"]
[Site "Germany"]
[Date "1992.??.??"]
[Round "?"]
[White "Baumbach, Friedrich"]
[Black "Seils, Joerg"]
[Result "1/2-1/2"]
[WhiteElo "2330"]
[BlackElo "2330"]

1.d4 Nf6 2.c4 e6 3.Nf3 Bb4+ 4.Bd2 Qe7 5.g3 O-O 6.Bg2 Bxd2+ 7.Qxd2 d6 8.Nc3 Nbd7
9.O-O Re8 10.e4 e5 11.Nd5 Nxd5 12.cxd5 exd4 13.Nxd4 a5 14.Qc3 Nc5 15.Nb3 b6
16.e5 Ba6 17.Rfe1 dxe5 18.Nxc5 bxc5 19.Rac1 c4 20.Qxa5 Qd6 21.b3 cxb3 22.axb3 Bc4
23.Qc3 Bxd5 24.Qxc7 Qxc7 25.Rxc7 Bxg2 26.Kxg2 Rab8 27.Re3 Kf8 28.Rec3 g6
29.Kf3 Rb4 30.Ke3  1/2-1/2

[Event "Graz-ch"]
[Site "Graz"]
[Date "1992.??.??"]
[Round "3"]
[White "Zupe, Miran"]
[Black "Fauland, Peter"]
[Result "1-0"]
[WhiteElo "2365"]
[BlackElo "2050"]

1.d4 Nf6 2.Nf3 e6 3.c4 Bb4+ 4.Bd2 Qe7 5.g3 O-O 6.Bg2 d5 7.O-O Ne4 8.Bc1 c6
9.a3 Ba5 10.Qc2 Nd7 11.Nbd2 f5 12.b4 Bb6 13.e3 Ndf6 14.Ne5 Bd7 15.f3 Nxd2
16.Bxd2 Rfc8 17.Kh1 Be8 18.Rae1 Nd7 19.Nd3 h5 20.c5 Bc7 21.e4 Qf6 22.e5 Qe7
23.h4 Nf8 24.Qc1 a5 25.Bg5 Qd7 26.g4 axb4 27.axb4 Ra4 28.Bh3 Bg6 29.gxh5 Bxh5
30.Nf4 Qf7 31.Rf2 Rxb4 32.Rg1 Kh8 33.Qe3 Nh7 34.Rfg2 b6 35.Bh6 gxh6 36.Rg7 Qxg7
37.Rxg7 Kxg7 38.Nxh5+ Kg6 39.Nf4+ Kf7 40.Nxe6 Rb1+ 41.Kh2 Rb2+ 42.Kg3 Rg8+
43.Kf4 Kxe6 44.Bxf5+ Ke7 45.Bxh7 Rg7 46.Bf5 bxc5 47.Qa3 Rb4 48.Qa7 Rxd4+
49.Ke3 Ke8 50.Qa8+ Kf7 51.Qb7 Ke8 52.Qc8+ Bd8 53.Qxc6+ Kf7 54.Be6+ Kg6 55.Qe8+  1-0

[Event "Groningen op"]
[Site "Groningen"]
[Date "1992.??.??"]
[Round "3"]
[White "Douven, Rudy C"]
[Black "Doering, Thomas"]
[Result "1-0"]
[WhiteElo "2410"]
[BlackElo "2275"]

1.d4 Nf6 2.c4 e6 3.Nf3 Bb4+ 4.Bd2 c5 5.Bxb4 cxb4 6.g3 O-O 7.Bg2 d6 8.O-O Nbd7
9.Qb3 Qb6 10.a3 bxa3 11.Qxa3 e5 12.e3 exd4 13.exd4 Ne4 14.b4 Ndf6 15.Nc3 Nxc3
16.Qxc3 Bg4 17.c5 Qc7 18.Nd2 d5 19.b5 Be2 20.Rfb1 a6 21.bxa6 Rxa6 22.Rxa6 bxa6
23.Rb6 Re8 24.Nf1 Rd8 25.Ne3 Bb5 26.Qa5 Qe7 27.Rb7 Qe8 28.Nf5 Rb8 29.Rxb8 Qxb8
30.Ne7+ Kf8 31.Nxd5 Bc4 32.Nb6  1-0

[Event "Gyor opJ"]
[Site "Gyor"]
[Date "1992.??.??"]
[Round "?"]
[White "Koczka, Zsolt"]
[Black "Palko, Gabriella"]
[Result "1/2-1/2"]
[WhiteElo "2285"]
[BlackElo "2075"]

1.d4 Nf6 2.c4 e6 3.Nf3 Bb4+ 4.Bd2 a5 5.Nc3 O-O 6.Qc2 c5 7.a3 Bxc3 8.Bxc3 cxd4
9.Nxd4 d5 10.e3 b6 11.cxd5 Nxd5 12.Bd3 h6 13.Be4 Bb7 14.O-O Nd7 15.Nb5 Nc5
16.Bf3 Nxc3 17.Nxc3 Bxf3 18.gxf3 Qf6 19.Qe2 Rfd8 20.Rad1 Rxd1 21.Rxd1 Rd8
22.Rxd8+ Qxd8 23.f4 Kf8 24.Qb5 Qd6 25.h3 Ke7 26.b4 axb4 27.axb4 Nd3 28.Na4 Qxb4
29.Qxb4+ Nxb4 30.Nxb6 Nc6 31.Nc4 Kf6 32.Kg2 g6 33.Kf3 Ke7 34.Ke4 Nb4 35.Kf3  1/2-1/2

[Event "FIN-ch"]
[Site "Helsinki"]
[Date "1992.??.??"]
[Round "1"]
[White "Manninen, Marko"]
[Black "Pulkkinen, Kari"]
[Result "1/2-1/2"]
[WhiteElo "2450"]
[BlackElo "2240"]

1.d4 Nf6 2.c4 e6 3.Nf3 Bb4+ 4.Bd2 Qe7 5.g3 Nc6 6.Bg2 Bxd2+ 7.Nbxd2 d6 8.O-O O-O
9.e4 e5 10.d5 Nb8 11.b4 a5 12.a3 Na6 13.Qb3 Bg4 14.Rfb1 c6 15.dxc6 bxc6 16.Ne1 Rfb8
17.Qc3 h5 18.Nd3 Be2 19.Nc1 Bg4 20.h3 Be6 21.Nd3 h4 22.g4 Nd7 23.Nb3 axb4
24.axb4 Qd8 25.Bf1 Nf6 26.Nd2 Nc7 27.Rxa8 Rxa8 28.Ne1 Bc8 29.Nef3 Ne6 30.c5 dxc5
31.bxc5 Nd7 32.Nb3 Qf6 33.Rd1 Ra3 34.Nfd2 Nexc5 35.Qc2 Nxb3 36.Nxb3 Nf8  1/2-1/2

[Event "Helsinki op"]
[Site "Helsinki"]
[Date "1992.??.??"]
[Round "3"]
[White "Rajcsanyi, Zita"]
[Black "Nieminen, Kari"]
[Result "0-1"]
[WhiteElo "2110"]
[BlackElo "2230"]

1.d4 Nf6 2.c4 e6 3.Nf3 Bb4+ 4.Bd2 Qe7 5.a3 Bxd2+ 6.Nbxd2 a5 7.e3 O-O 8.Bd3 d6
9.Qc2 e5 10.h3 Re8 11.dxe5 dxe5 12.Be2 Nbd7 13.O-O a4 14.Rfd1 Nc5 15.b4 axb3
16.Nxb3 Bd7 17.Nxc5 Qxc5 18.Qb2 Bc6 19.Qb4 Nd7 20.Nd2 Ra4 21.Qc3 Qe7 22.Ra2 Rea8
23.Nb1 Qg5 24.f3 Nf8 25.Kh2 h5 26.g3 Re8 27.Rg1 Ng6 28.Rd2 Raa8 29.f4 exf4
30.gxf4 Qf5 31.Bd3 Be4 32.Rg5 Qe6 33.f5 Qe7 34.h4 Bxd3 35.Qxd3 Nxh4  0-1

[Event "Helsinki op"]
[Site "Helsinki"]
[Date "1992.??.??"]
[Round "4"]
[White "Magerramov, Elmar"]
[Black "Kachiani Gersinska, Ketino"]
[Result "1-0"]
[WhiteElo "2565"]
[BlackElo "2360"]

1.d4 Nf6 2.c4 e6 3.Nf3 Bb4+ 4.Bd2 a5 5.g3 b6 6.Bg2 Ba6 7.Qc2 O-O 8.O-O c5
9.Bf4 cxd4 10.Nxd4 Ra7 11.Nc3 d6 12.Ndb5 Rd7 13.b3 h6 14.Rfd1 d5 15.cxd5 Nxd5
16.Nxd5 exd5 17.Nd4 Qf6 18.Bh3 Re7 19.e3 Ba3 20.Qf5 Nd7 21.Qxd5 Ne5 22.Bg2 Nd3
23.Qf5 Re6 24.Bf1 Qxf5 25.Nxf5 Nxf4 26.Bxa6 Nh3+ 27.Kg2 Rf6 28.e4 Nxf2 29.Kxf2 g6
30.g4 gxf5 31.gxf5 Re8 32.Kf3 Rd6 33.Bc4 Kf8 34.Bd5 Bb2 35.Rab1 Be5 36.h3 Rc8
37.Rbc1 Rdd8 38.Kg4 Ke7 39.Kh5 Kf6 40.Rxc8 Rxc8 41.Bc4 Kg7 42.a4 Bf4 43.Rd5 Rc5
44.Rd8 Rc7 45.h4 Re7 46.Bd5 Bg3 47.Rc8 Bc7 48.Kg4 Kf6 49.Rh8 Kg7 50.f6+ Kxf6
51.Rxh6+ Ke5 52.Kf3 Bd6 53.Rh8 Kf6 54.Rg8 Rc7 55.Bc4 Rb7 56.Kg4 Re7 57.Bd5 Rc7
58.Rg5 Re7 59.h5 Re5 60.Rg8 Ke7 61.h6 f5+ 62.Kh4 Kd7 63.h7 Be7+ 64.Kg3 Bf6
65.h8=Q Bxh8 66.Rxh8 fxe4 67.Bc4  1-0

[Event "HUN-ch (Women)"]
[Site "?"]
[Date "1992.??.??"]
[Round "8"]
[White "Nemeth, Maria"]
[Black "Palko, Gabriella"]
[Result "1/2-1/2"]
[WhiteElo "2115"]
[BlackElo "2075"]

1.d4 Nf6 2.c4 e6 3.Nf3 Bb4+ 4.Bd2 a5 5.g3 O-O 6.Bg2 d6 7.O-O Qe7 8.Bg5 a4
9.a3 Ba5 10.Qxa4 Bd7 11.Qc2 h6 12.Bxf6 Qxf6 13.Nc3 Nc6 14.b4 Bb6 15.c5 Ba7
16.Rfd1 g5 17.b5 Ne7 18.b6 Bb8 19.bxc7 Bxc7 20.cxd6 Bxd6 21.Ne4 Qg6 22.Qd3 Bc7
23.Ne5 Bxe5 24.dxe5 Bc6 25.Nf6+ Kg7 26.Bxc6 Nxc6 27.f4 gxf4 28.Qxg6+ Kxg6
29.gxf4 Ra4 30.e3 Rfa8 31.Kf2 Rxa3 32.Rxa3 Rxa3 33.Rb1 Na5 34.Rg1+ Kf5 35.Ng4 Ke4
36.Rd1 Ra2+ 37.Kg3 h5 38.Rd4+ Kf5 39.Nf6 Re2 40.e4+ Kg6 41.Rd8 b5 42.Rg8+ Kh6
43.Rb8 Rb2 44.Rh8+ Kg7 45.Rxh5 b4 46.Rh7+ Kf8 47.h4 Nc6 48.h5 Ne7 49.h6 Ng6
50.f5 exf5 51.exf5 Nxe5 52.Rh8+ Ke7 53.Re8+ Kxf6 54.h7 Rb3+ 55.Kg2 Rb2+ 56.Kf1 Rh2
57.h8=Q+  1/2-1/2

[Event "HUN-chT"]
[Site "HUN"]
[Date "1992.??.??"]
[Round "?"]
[White "Horvath, Jozsef"]
[Black "Besztercsenyi, Tibor"]
[Result "1-0"]
[WhiteElo "2480"]
[BlackElo "2275"]

1.d4 Nf6 2.Nf3 e6 3.c4 Bb4+ 4.Bd2 Qe7 5.g3 O-O 6.Bg2 d5 7.Qc2 Nbd7 8.O-O c6
9.Bxb4 Qxb4 10.Nbd2 Re8 11.a3 Qb6 12.Rac1 h6 13.Rfe1 e5 14.dxe5 Nxe5 15.Nxe5 Rxe5
16.cxd5 cxd5 17.Qc7 Re6 18.Qxb6 Rxb6 19.b3 Be6 20.Rc7 Rc8 21.Rec1 Rxc7 22.Rxc7 Kf8
23.e3 Ke8 24.b4 a5 25.bxa5 Rb5 26.Bf1 Rxa5 27.Rxb7 Rxa3 28.Nb3 Kf8 29.f3 g5
30.Kf2 Ra2+ 31.Be2 Kg7 32.Nd4 Bc8 33.Rc7 Ba6 34.Ra7 Bc4 35.Rxa2 Bxa2 36.Nf5+ Kg6
37.Ne7+ Kg7 38.Nf5+ Kh7 39.Bd3 h5 40.h4 g4 41.f4 Kg8 42.Ke1 Nd7 43.Kd2 Nc5
44.Bc2 Kf8 45.Kc3 Ne6 46.Kb4 Ke8 47.Ba4+ Kd8 48.Bc6 Bb1 49.Nd4 Be4 50.Nxe6+ fxe6
51.Kc5 Ke7 52.Kd4 Bg6 53.Ke5 Bh7 54.Bb7 Bg6 55.Ba6 Bh7 56.Bf1 Be4 57.Bb5 Bg6
58.Bc6 Be4 59.Bb7 Bf3 60.Bc8  1-0